Giro a vuoto /

保存先:
書誌詳細
その他の著者: Antonioni, Letizia
フォーマット: 図書
言語:イタリア語
出版事項: Milano : All'insegna del pesce d'oro, c1960
タグ: タグ追加
タグなし, このレコードへの初めてのタグを付けませんか!

MARC

LEADER 00000nam a22000007i 4500
001 IT\ICCU\UBO\1625747
003 ItRI
005 20260115232424.0
008 030613s1960 it |||||| ||||| |||||c
040 |b ita  |c importazione bologna sebina 
041 7 |a ita  |2 ISO-639-2 
245 0 0 |a Giro a vuoto /  |c canzoni di L. Antonioni ... [et al.]. 
260 |a Milano :  |b All'insegna del pesce d'oro,  |c c1960 
300 |a 83 p. ;  |c 18 cm 
500 |a Canzoni cantate [...] al Teatro Gerolamo di Milano da Laura Betti il 27 gennaio 1960 
500 |a Testi di L. Antonioni, A. Arbasino, G. Bassani, Billa Billa, G.P. Bona, D. Buzzati I. Calvino, C. Cederna, E. Flaiano, F. Fortini, F. Mauri, A. Moravia, G. Negri, G. Parise, P.P. Pasolini, E. Patti, M. Soldati 
700 1 |a Antonioni, Letizia  |0 IT\ICCU\SBLV\018914 
790 1 |a Balboni, Letizia  |3 IT\ICCU\PUVV\471756  |z Antonioni, Letizia 
942 |2 ddc  |c BK  |n 0 
952 |0 0  |1 0  |4 0  |6 DOC_784_800000000000000_BET  |7 0  |9 25501  |a BO  |b BO  |d 2026-01-15  |i 1031  |l 0  |o DOC 784.8 BET  |p BO1031  |r 2026-01-15 23:24:24  |w 2026-01-15  |x [Sebina 7] [1 v.]  |y BK  |z 1 v. 
952 |0 0  |1 0  |4 0  |6 DOC_784_800000000000000_BET  |7 0  |9 25502  |a BO  |b BO  |d 2026-01-15  |i 4029  |l 0  |o DOC 784.8 BET  |p BO4029  |r 2026-01-15 23:24:24  |w 2026-01-15  |x [Sebina 7] [1 v.]  |y BK  |z 1 v. 
999 |c 21651  |d 21651